00841cam a22002533a 450000100060000000300060000600500170001200800410002904000150007004200070008505000070009210000480009924500670014726000290021450600300024351600200027365300560029365300470034965300410039665300570043770000220049483000290051685600420054514213PGUSA20140828083314.0041130s2004||||xxu|||||s|||||000 | eng d aPGUSAbeng adc 4aDS1 aFoster, J. F.q(John Frederick),d1839-186910aThree Months of My Lifeh[electronic resource] /cJ. F. Foster bProject Gutenberg,c2004 aPublic domain in the USA. aElectronic text aJammu and Kashmir (India) -- Description and travel aGreat Britain. Army -- Surgeons -- Diaries aSurgeons -- Great Britain -- Diaries aFoster, J. F. (John Frederick), 1839-1869 -- Diaries1 aFreeth, Lizzie A. 0aProject Gutenbergv1421340uhttp://www.gutenberg.org/ebooks/14213